History Quiz

Random History or Clickable Quiz
Score 0/43 Timer 10:00
0 Plays Today
% Correct
Abraham Lincoln
93.1%
Barack Obama
91.4%
Bill Clinton
87.9%
JFK
86.2%
George H. W. Bush
81%
Richard Nixon
77.6%
George W. Bush
77.6%
Dwight D. Eisenhower
75.9%
Ronald Reagan
75.9%
George Washington
72.4%
Gerald Ford
72.4%
FDR
69%
LBJ
69%
Jimmy Carter
63.8%
John Adams
62.1%
Harry S. Truman
60.3%
Herbert C. Hoover
53.4%
William McKinley
50%
Andrew Johnson
48.3%
James A. Garfield
44.8%
John Tyler
43.1%
Grover Cleveland
41.4%
% Correct
James Knox Polk
39.7%
Ulysses S. Grant
39.7%
Warren G. Harding
39.7%
Calvin Coolidge
39.7%
James Madison
37.9%
Franklin Pierce
37.9%
Rutherford B. Hayes
37.9%
Benjamin Harrison
37.9%
James Monroe
36.2%
John Quincy Adams
36.2%
Woodrow Wilson
36.2%
William Henry Harrison
32.8%
Zachary Taylor
32.8%
Chester A. Arthur
32.8%
Theodore Roosevelt
32.8%
William H. Taft
32.8%
Andrew Jackson
29.3%
Millard Fillmore
29.3%
Thomas Jefferson
20.7%
James Buchanan
20.7%
Martin Van Buren
13.8%
Remove Ads.
Support Sporcle.
Get the best of Sporcle when you Go Orange. This ad-free experience offers more features, more stats, and more fun while also helping to support Sporcle. Thank you for becoming a member.

You're not logged in!

Compare scores with friends on all Sporcle quizzes.
OR
Log In

Show Comments

Extras

Created Dec 22, 2014ReportNominate
Tags:Clickable Quiz, Lady, President

Top Quizzes Today


Score Distribution

Your Account Isn't Verified!

In order to create a playlist on Sporcle, you need to verify the email address you used during registration. Go to your Sporcle Settings to finish the process.

Report this User

Report this user for behavior that violates our Community Guidelines.

Details: